000 00513nam a2200181Ia 4500
005 20260429112036.0
008 260429s9999||||xx |||||||||||||| ||und||
020 _a9781804893616
041 _aEnglish
082 _a005.13
_bHAL
100 _aHale, Seraphina
245 0 _aIntroduction to python programming /
_cSeraphina Hale
260 _aUnited Kingdom :
_bBrilliant Publication Ltd. ,
_c2025.
300 _avii, 240 p.; hb
650 _a Computer science
650 _aPython programming
942 _cTB
999 _c52042
_d52042